000 00705cam a2200265 4500
001 B651
008 090401t1986 xxu||||| |||| 00| 0 eng d
035 _a(Sirsi) u37158
041 _aeng
050 _a333.720285
100 _aBaldwin, R.
245 _aInvesting in energy efficiency : 2. Existing housing
260 _aGarston,Watford
_bBRE
_c1986
300 _a(4)p. ; 30cm.
350 _a0
490 _aBRE Information Paper
_v20/86
650 _aBREDEM
650 _aDOUBLE GLAZING
650 _aHEATING
650 _aLOFT INSULATION
650 _aBUILT ENVIRONMENT-BUILDING ELEMENTS-COMPLETE BUILDING ELEMENTS-WALLS
700 _aAtkinson, G.
942 _n0
948 _c04/03/1997
999 _c90447
_d90447